000
00226nam a2200097Ia 4500
008
190216s9999||||xx |||||||||||||| ||und||
100
_a
Rajendra Sharma
245
0
_a
Hindi-Sarath
260
_b
Poorna Pubs Kozhikode
942
_c
BK
999
_c
15407
_d
15407